New studies in philosophy, politics, economics and the history of ideas (Record no. 29853)

MARC details
000 -LEADER
fixed length control field 00315nam a2200109Ia 4500
082 ## - DEWEY DECIMAL CLASSIFICATION NUMBER
Item number HAY
100 ## - MAIN ENTRY--AUTHOR NAME
Personal name HAYEK, F A
245 #0 - TITLE STATEMENT
Title New studies in philosophy, politics, economics and the history of ideas
260 ## - PUBLICATION, DISTRIBUTION, ETC. (IMPRINT)
Place of publication London
Name of publisher Routledge & Kegan Paul
Year of publication 1978
942 ## - ADDED ENTRY ELEMENTS (KOHA)
Koha item type Books
Holdings
Withdrawn status Lost status Damaged status Not for loan Home library Current library Date acquired Full call number Accession Number Koha item type
        RRII Library RRII Library 16/12/2021 HAY 10433 Books